Eurovision Jury and Televote Winners - Statistics

General Stats
  • This quiz has been taken 431 times
    11 since last reset
  • The average score is 21 of 28
Answer Stats
Year J/T Song % Correct
2025 Jury Austria
100%
2026 Jury Bulgaria
100%
2023 Televote Finland
100%
2025 Televote Israel
100%
2023 Jury Sweden
100%
2024 Jury Switzerland
100%
2024 Televote Croatia
90%
2018 Televote Israel
90%
2017 Jury/Televote Portugal
90%
2022 Televote Ukraine
90%
2022 Jury United Kingdom
90%
2014 Jury/Televote Austria
80%
2013 Jury/Televote Denmark
80%
2010 Jury/Televote Germany
80%
2021 Televote Italy
80%
2009 Jury/Televote Norway
80%
2015 Jury Sweden
80%
2012 Jury/Televote Sweden
80%
2011 Televote Azerbaijan
70%
2016 Televote Russia
70%
2021 Jury Switzerland
70%
2015 Televote Italy
60%
2019 Televote Norway
60%
2016 Jury Australia
50%
2011 Jury Italy
50%
2018 Jury Austria
40%
2019 Jury North Macedonia
40%
2026 Televote Bulgaria
0%
No matching quizzes found
Score Distribution
Percent of People with Each Score
Percentile by Number Answered
Your Score History
You have not taken this quiz since the last reset